Efficient synthesis and sensory properties of new fragrant molecules
Saved in:
| Main Author: | |
|---|---|
| Other Authors: | |
| Format: | Manuscript Book |
| Language: | Slovak English |
| Published: |
2024
|
| Subjects: | |
| Online Access: | http://is.stuba.sk/zp/portal_zp.pl?podrobnosti=165454 |
| Tags: |
No Tags, Be the first to tag this record!
|
MARC
| LEADER | 00000ntm a22000003a 4500 | ||
|---|---|---|---|
| 001 | stuzp82051 | ||
| 003 | SK-STU | ||
| 005 | 20240824210404.8 | ||
| 007 | ta | ||
| 008 | 150427s2015----xo-----f-mn---000-0-slo-d | ||
| 040 | |a STU |b slo | ||
| 041 | 0 | |a eng | |
| 100 | 1 | |a Dacho, Vladimír |u 048140 |4 aut |U FCHPT Ústav organickej chémie, katalýzy a petrochémie |T FCHPT Oddelenie organickej chémie |X 81901 |U C8140 |Y 124 |7 81901 | |
| 242 | 0 | 1 | |a Efektívna syntéza a senzorické vlastnosti nových vonných molekúl |y slo |
| 245 | 1 | 0 | |a Efficient synthesis and sensory properties of new fragrant molecules |
| 260 | |c 2024 | ||
| 650 | 4 | |a lilakové aldehydy |2 slo | |
| 650 | 4 | |a Helvetolid, Serenolid, Romandolid |2 slo | |
| 650 | 4 | |a vonné zlúčeniny |2 slo | |
| 650 | 4 | |a senzorická analýza |2 slo | |
| 650 | 4 | |a Helvetolide/Serenolide, Romandolide |2 eng | |
| 650 | 4 | |a sensory analysis |2 eng | |
| 650 | 4 | |a lilac aldehydes |2 eng | |
| 650 | 4 | |a aromatic compounds |2 eng | |
| 700 | 1 | |a Szolcsányi, Peter |u 048140 |k Z1 |4 ths |U FCHPT Ústav organickej chémie, katalýzy a petrochémie |T FCHPT Oddelenie organickej chémie |X 3952 |U C8140 |Y 124 |7 A000003952 | |
| 856 | 4 | |u http://is.stuba.sk/zp/portal_zp.pl?podrobnosti=165454 | |